| 000 | 00671nam a22002057a 4500 | ||
|---|---|---|---|
| 003 | JO-AjAnu | ||
| 005 | 20251018100340.0 | ||
| 008 | 251018b jo ||||| |||| 00| 0 ara d | ||
| 020 | _a978-9957-49-828-9 | ||
| 022 | _a4767/9/4771 | ||
| 040 |
_aANU _cJO-AjAnu |
||
| 041 | _hARA | ||
| 100 |
_aالفاعوري، علي _eمؤلف _966855 |
||
| 245 |
_aازرق ... مما اظن : شعر _c / علي الفاعوري |
||
| 260 |
_aعمان : _bوزارة الثقافة، _c2022 |
||
| 300 | _a175 صفحة | ||
| 490 | _aالقراءة للجميع 16 | ||
| 650 |
_vالشعر العربي-الادب العربي-العصر الحديث _964119 |
||
| 942 |
_2lcc _cBK _n0 |
||
| 999 |
_c34108 _d34108 |
||